Propuestas para una Colombia competitiva / (Registro nro. 12325)
[ vista simple ]
| 000 -LEADER | |
|---|---|
| fixed length control field | 01622nam a2200253Ia 4500 |
| 003 - CONTROL NUMBER IDENTIFIER | |
| control field | OSt |
| 005 - DATE AND TIME OF LATEST TRANSACTION | |
| control field | 20210831145325.0 |
| 008 - FIXED-LENGTH DATA ELEMENTS--GENERAL INFORMATION | |
| fixed length control field | 210310s2002 ck ad gr 000 0 spa d |
| 020 ## - INTERNATIONAL STANDARD BOOK NUMBER | |
| International Standard Book Number | 9586824233 |
| 040 ## - CATALOGING SOURCE | |
| Original cataloging agency | CO-JMCR |
| Transcribing agency | CO-JMCR |
| 041 0# - LANGUAGE CODE | |
| Language code of text/sound track or separate title | spa |
| 082 04 - DEWEY DECIMAL CLASSIFICATION NUMBER | |
| Classification number | 338.6048 / |
| Item number | M777p |
| Edition number | 23 |
| 100 1# - MAIN ENTRY--PERSONAL NAME | |
| Personal name | Montenegro, Santiago, |
| Relator term | autor |
| 9 (RLIN) | 27916 |
| 245 10 - TITLE STATEMENT | |
| Title | Propuestas para una Colombia competitiva / |
| Statement of responsibility, etc. | Santiago Montenegro, Roberto Steiner |
| 260 ## - PUBLICATION, DISTRIBUTION, ETC. | |
| Place of publication, distribution, etc. | Bogotá : |
| Name of publisher, distributor, etc. | Universidad de los Andes, facultad de Economía, |
| Date of publication, distribution, etc. | 2002. |
| 300 ## - PHYSICAL DESCRIPTION | |
| Extent | xxv, 356 páginas : |
| Other physical details | ilustraciones y gráficas en blanco y negro ; |
| Dimensions | 24 cm. |
| 500 ## - GENERAL NOTE | |
| General note | Incluye bibliografía y notas a pie de página. |
| 505 ## - FORMATTED CONTENTS NOTE | |
| Title | Proyecto indicadores de competitividad. / |
| Statement of responsibility | Fabio Sánchez, Paula Acosta. -- |
| Title | La tecnología de la información y de las comunicaciones en Colombia. / |
| Statement of responsibility | Santiago Montenegro, Luis Carlos Niño. -- |
| Title | ¿Cómo atraer más inversión extranjera a Colombia?. / |
| Statement of responsibility | Roberto Steiner, Natalia Salazar. -- |
| Title | La gestión ambiental y sus efectos sobre la acometividad de la industria en Colombia. / |
| Statement of responsibility | Eduardo Uribe, Guillermo Cruz, Harold Coronado. -- |
| Title | Instituciones para la competitividad. / |
| Statement of responsibility | Sergio Montenegro, Luis Carlos Niño y Roberto Gisbert. -- |
| Title | Petróleo, vulnerabilidad de la economía colombiana y políticas de estabilización. / |
| Statement of responsibility | Rodrigo Suescún, Santiago Montenegro y Renata Pardo. |
| 650 14 - SUBJECT ADDED ENTRY--TOPICAL TERM | |
| Topical term or geographic name entry element | Economía |
| Geographic subdivision | Colombia |
| 9 (RLIN) | 27918 |
| 650 24 - SUBJECT ADDED ENTRY--TOPICAL TERM | |
| Topical term or geographic name entry element | Gestión ambiental |
| Form subdivision | Economía |
| Geographic subdivision | Colombia |
| 9 (RLIN) | 39830 |
| 650 24 - SUBJECT ADDED ENTRY--TOPICAL TERM | |
| Topical term or geographic name entry element | Inversión extranjera |
| Form subdivision | Estrategia |
| Geographic subdivision | Colombia |
| 9 (RLIN) | 39831 |
| 700 1# - ADDED ENTRY--PERSONAL NAME | |
| Personal name | Steiner, Roberto, |
| Relator term | autor |
| 9 (RLIN) | 7310 |
| 942 ## - ADDED ENTRY ELEMENTS (KOHA) | |
| Source of classification or shelving scheme | Dewey Decimal Classification |
| Koha item type | Books |
| Withdrawn status | Lost status | Source of classification or shelving scheme | Damaged status | Not for loan | Home library | Current library | Shelving location | Date acquired | Source of acquisition | Full call number | Barcode | Date last seen | Copy number | Price effective from | Koha item type |
|---|---|---|---|---|---|---|---|---|---|---|---|---|---|---|---|
| Dewey Decimal Classification | Biblioteca Pública José María del Castillo y Rada | Biblioteca Pública José María del Castillo y Rada | General Stacks | 04/15/2018 | Donación | 338.6048 / M777p | 430005694 | 05/16/2024 | Ej.1 | 03/10/2021 | Books |